[Event "Oslo Stjernen op B"]
[Site "Oslo"]
[Date "2017.06.18"]
[Round "5"]
[White "Pedersen, Helge Fischer"]
[Black "Tunsjo, Oystein"]
[Result "1/2-1/2"]
[WhiteElo "1146"]
[BlackElo "1175"]
[PlyCount "133"]
[EventDate "2017.06.16"]
[EventType "swiss"]
[EventRounds "6"]
[EventCountry "NOR"]
[SourceTitle "EXT 2024"]
[Source "ChessBase"]
[SourceDate "2023.10.10"]
[SourceVersion "1"]
[SourceVersionDate "2023.10.10"]
[SourceQuality "1"]

1. e4 c5 2. Nf3 Nc6 3. d4 cxd4 4. Nxd4 a6 5. Nc3 e6 6. Be2 h6 7. Nf3 Nf6 8. 0-0 Qc7 9. h3 g5 10. Nh2 Bd6 11. Ng4 Nxg4 12. Bxg4 Ne5 13. Bh5 b5 14. a3 Bb7 15. Be3 0-0-0 16. Bd4 f5 17. Bxe5 Bxe5 18. exf5 Bxc3 19. bxc3 exf5 20. Bf3 f4 21. Bxb7+ Qxb7 22. Qd3 Qc6 23. Rfe1 Rhe8 24. Rad1 Re6 25. Rxe6 Qxe6 26. Qd4 Re8 27. Qa7 Qc6 28. Qd4 Re6 29. Qd3 Kc7 30. Qd4 Kd8 31. Qh8+ Re8 32. Qd4 Re7 33. Qd3 Qc4 34. Qxc4 bxc4 35. Kf1 Kc7 36. Rd4 d5 37. Rxd5 Kc6 38. Rf5 Re6 39. g3 fxg3 40. fxg3 Kb6 41. Kf2 Rc6 42. Kf3 Rc5 43. g4 Rb5 44. Kg3 Ka5 45. Rf6 Rb2 46. Rxh6 Rxc2 47. h4 gxh4+ 48. Kxh4 Rxc3 49. g5 Kb5 50. Re6 Rc1 51. g6 Rg1 52. Kh5 Rh1+ 53. Kg5 Rg1+ 54. Kf6 Rf1+ 55. Kg7 Rf3 56. Rf6 Rxa3 57. Rf5+ Kb4 58. Kf7 Rg3 59. g7 c3 60. g8Q Rxg8 61. Kxg8 c2 62. Rf1 Kb3 63. Kf7 a5 64. Ke6 Kb2 65. Kd5 c1Q 66. Rxc1 Kxc1 67. Kc4 1/2-1/2